The ridges across River Kaiti / (Record no. 11837)

000 -LEADER
fixed length control field 00480nam a2200157 4500
008 - FIXED-LENGTH DATA ELEMENTS--GENERAL INFORMATION
fixed length control field 160712b xxu||||| |||| 00| 0 eng d
020 ## - INTERNATIONAL STANDARD BOOK NUMBER
International Standard Book Number 9789966068286
050 ## - LIBRARY OF CONGRESS CALL NUMBER
Classification number PR3981.9
Item number .K39 2015
100 ## - MAIN ENTRY--PERSONAL NAME
Personal name Kawive Wambua
245 ## - TITLE STATEMENT
Title The ridges across River Kaiti /
Statement of responsibility, etc. Wambua wa Kawive
260 ## - PUBLICATION, DISTRIBUTION, ETC. (IMPRINT)
Place of publication, distribution, etc. Nairobi :
Name of publisher, distributor, etc. One planet,
Date of publication, distribution, etc. 2015
300 ## - PHYSICAL DESCRIPTION
Extent 250p. :
Dimensions 17cm
440 ## - SERIES STATEMENT/ADDED ENTRY--TITLE
Title Top literature series
650 ## - SUBJECT ADDED ENTRY--TOPICAL TERM
Topical term or geographic name as entry element Literature
942 ## - ADDED ENTRY ELEMENTS (KOHA)
Source of classification or shelving scheme
Koha item type Africana (Books)
Classification part PR3981.9 .K39 2015
Koha issues (borrowed), all copies 4
Holdings
Withdrawn status Lost status Source of classification or shelving scheme Damaged status Not for loan Home library Current library Shelving location Date acquired Total Checkouts Full call number Barcode Date last seen Date last checked out Price effective from Koha item type
          MACHAKOS UNIVERSITY LIBRARY MACHAKOS UNIVERSITY LIBRARY Africana 12/07/2016 5 PR3981.9 .K39 2015 20328 11/06/2021 11/06/2021 12/07/2016 Africana (Books)
          MACHAKOS UNIVERSITY LIBRARY MACHAKOS UNIVERSITY LIBRARY Africana 12/07/2016   PR3981.9 .K39 2015 20327 09/07/2021   12/07/2016 Africana (Books)
© Machakos University Library, Along The Highway, Machakos Wote Rd, Machakos, Kenya P.O. Box 136 - 90100 Machakos - Kenya

Tel: ( +254 ) 723 805829 OR Fax : 044-20353 OR Email: library@mksu.ac.ke